00254 a2200121 4500001000700000020002200007040001100029100002200040240002900062245002400091300000800115362000900123190479 a978-85-7984-106-4 cMagnum aDias, Jonathan R.10aAnjos ou demò‚nioslpor10aAnjos ou demò‚nios a2490 a2011